| 000 | 00453nam a2200193Ia 4500 | ||
|---|---|---|---|
| 005 | 20241129131136.0 | ||
| 008 | 131103s9999 xx 000 0 und d | ||
| 020 | _cRs.18 | ||
| 040 | _aLoreto College | ||
| 041 | _aEnglish | ||
| 082 |
_a900 _bMIN |
||
| 100 | _aS S, Minhas | ||
| 245 | 4 |
_aThe Gem guide to ICSE History _cMinhas S S |
|
| 260 |
_aIndia _bMonga Book _c1987 |
||
| 300 | _a160p. | ||
| 650 | _aHistory | ||
| 850 | _aLCBED | ||
| 942 | _cBK | ||
| 999 |
_c28929 _d79408 |
||